000 00524nam a22001697a 4500
005 20251103104853.0
008 251103b |||||||| |||| 00| 0 eng d
040 _aMAIN
082 _a615.19
_bS23D
100 _aSharma, Pragya
245 _aDesign and development of some novel formulations(S) of mangiferin for cutaneous benefits
260 _bDepartment of Pharmaceutical Sciences, M D University, Rohtak
_c2025
300 _axxix, 279
650 _aPharmaceutical Sciences
700 _aNanda, Sanju
942 _cTH
999 _c393789
_d393789